01316nam a2200253 a 450000100100000000500170001000800410002704000250006808200210009310000330011424500630014726000380021030000280024859000260027665000280030265000310033091000420036195201330040395201330053695201330066995201190080295201240092199900170104500001094220240412074221.0091013s1996 dr a r 001 0 spa d aDO-SdBNPbspacBNPHU aRD861.44bS211cu1 aSánchez Roa, Adriano9849610aCuando el amor nace en primavera /cAdriano Sánchez Roa. aSanto Domingo :bCorripio,c1996. a125 p. :bil. ;c16 cm. aInventariado, 2018/BT 0aPoesía dominicana966 0aLiteratura dominicana.967 aValidado. Control de calidad. MMOLINA 001054708DSaGRbGRcHDd2009-10-13iLF1l0oRD861.44 S211cup10942-30r2020-06-25te.3w2020-06-25yLFDSZPréstamo en sala 001054708DSaGRbGRcHDd2009-10-13iLF1l0oRD861.44 S211cup10942-40r2020-06-25te.4w2020-06-25yLFDSZPréstamo en sala 001054708DSaGRbGRcHDd2009-10-13iLF1l0oRD861.44 S211cup10942-50r2020-06-25te.5w2020-06-25yLFDSZPréstamo en sala 0010718PDaPDbPDcHDd2009-10-13iLF1l0oRD861.44 S211cup10942-10r2020-06-25w2020-06-25yLFPDZNo se presta 0010718PDaPDbPDcHDd2009-10-13iLF1l0oRD861.44 S211cup10942-20r2020-06-25te.2w2020-06-25yLFPDZNo se presta c10680d10680